| 000 | 00753nam a2200205Ii 4500 | ||
|---|---|---|---|
| 003 | JO-AjNU | ||
| 008 | 230605s9999||||xx |||||||||||||| ||und|| | ||
| 040 |
_aJO-AjNU _bara _erda _cJO-AjNU |
||
| 041 | _aara | ||
| 050 | 1 | 4 | _aPJ7755.A83.A17 1983 |
| 100 | 3 |
_aحققها وقدم لها أبو ديب، كمال, _eauthor _937660 |
|
| 245 | 0 | 0 | _aرباعيات نظام الدين الأصفهاني: نخبة الشارب وعجالة الراكب |
| 250 | _aط1 | ||
| 264 | 3 | 1 | _aبيروت:دار العلم للملايين،1983 |
| 300 | _a216ص | ||
| 336 |
_atext _btxt _2rdacontent |
||
| 337 |
_aunmediated _bn _2rdamedia |
||
| 338 |
_avolume _bnc _2rdacarrier |
||
| 650 | 4 |
_aالشعر العربي - العصر العباسي الثاني _937661 |
|
| 999 |
_aA15756 _c19324 _d19324 |
||